Top 10 Largest US States by Perimeter - Statistics

General Stats
  • This quiz has been taken 164 times
  • The average score is 6 of 10
Answer Stats
km mi State % Correct
57,038 35,442 Alaska
97%
9,879 6,139 Texas
95%
7,389 4,591 California
92%
14,316 8,896 Florida
83%
6,966 4,328 Michigan
54%
6,836 4,248 Maine
45%
6,516 4,049 Washington
40%
13,787 8,567 Louisiana
37%
7,019 4,361 North Carolina
30%
7,257 4,509 Virginia
25%
No matching quizzes found
Score Distribution
Percent of People with Each Score
Percentile by Number Answered
Your Score History
You have not taken this quiz